00871cam a2200205 a 4500001001000000003000900010005001700019008004100036020001500077040002500092082002100117100003700138245010400175260018400279300003500463504003100498651004500529651004400574651004700618000014628DO-SdBNP20260204101327.0991201s1999 ck ab b f001 0 spa  a9586831108 aDO-SdBNPbspacBNPHU 4a986.1bM516a2221 aMejía Pavony, Germán Rodrigo14aLos años del cambio :bhistoria urbana de Bogotá, 1820-1910 /cGermán Rodrigo Mejía Pavony. aSanta Fé de Bogota, (Colombia) :bPontificia Universidad Javeriana, Facultad de Ciencias Sociales, Departamento de Historia,bInstituto Colombiano de Cultura Hispánica,c1999. a498 p. :bil., mapas ;c24 cm. aBibliografía: p. 483-498 4aBogotá (Colombia)xHistoriaySiglo XIX 4aBogotá (Colombia)xHistoriaySiglo XX 4aBogotá (Colombia)xCondiciones sociales